Amateur Football Teams of Noord-Brabant - Statistics

General Stats
  • This quiz has been taken 6 times
  • The average score is 41 of 367
Answer Stats
Club % Correct
RKSV Were Di
50%
SV Deurne
50%
SV Someren
50%
VV De Zwaluw
50%
VV Dongen
50%
VV Gemert
50%
Boekel Sport
33%
Emplina
33%
FC Drunen
33%
FC Uden
33%
HVV Helmond
33%
NWC
33%
OJC Rosmalen
33%
RKSV Heeze
33%
RKSV Nuenen
33%
RKVV Wilhelmina
33%
SC Gastel
33%
SC Oranje Zwart Helmond
33%
SV Budel
33%
SV De Braak
33%
S.V. Hilvaria
33%
SVSH
33%
SV TOP
33%
VV Beek Vooruit
33%
VV DHV
33%
VV Handel
33%
VV MVC
33%
VV Oosterhout
33%
VVR
33%
VV Riel
33%
VV Rijen
33%
VV SCO
33%
VV SIOL
33%
VV UNA
33%
WSC
33%
Achilles Reek
17%
Achilles Veen
17%
ASV '33
17%
Bavos
17%
Beerse Boys
17%
Blauw Wit '81
17%
BSV Boeimeer
17%
Constantia
17%
DAW
17%
De Schutters
17%
DESK
17%
DEVO
17%
DIOZ
17%
DOSL
17%
DSV
17%
Dussense Boys
17%
DVO '60
17%
DVVC
17%
EGS '20
17%
ELI
17%
Essche Boys
17%
FC Cranendonck
17%
FC de Rakt
17%
FC Moerstraten
17%
FC Right-Oh
17%
Festilent
17%
Hapse Boys
17%
HBV
17%
Herpinia
17%
HSC '28
17%
HZ '75
17%
Jong Brabant
17%
Juliana Mill
17%
JVC Cuijk
17%
Kozakken Boys
17%
Lepelstraatse Boys
17%
Madese Boys
17%
Milheezer Boys
17%
MOC '17
17%
Moerse Boys
17%
NEO '25
17%
Nieuw Woensel
17%
NLC '03
17%
NOAD
17%
NVS
17%
OKSV
17%
Olympia '18
17%
Olympia Boys
17%
RKDVC
17%
RKKSV
17%
RKSV Boerdonk
17%
RKSV Cluzona
17%
RKSV Groen Wit
17%
RKSV Halsteren
17%
RKSV Liessel
17%
RKSV Mierlo-Hout
17%
RKSV Odiliapeel
17%
RKSV Rood-Wit Willebrord
17%
RKSV Sterksel
17%
RKSV Venhorst
17%
RKSV Volkel
17%
RKVV DIA
17%
RKVV Erp
17%
RKVV Fiducia
17%
RKVV Grenswachters
17%
RKVV JEKA
17%
RKVV Keldonk
17%
RKVV Maliskamp
17%
RKVV Menos
17%
RKVV METO
17%
RKVV ODIO
17%
RKVV Rimboe
17%
RKVV Roosendaal
17%
RKVV Schijf
17%
RKVV Volharding
17%
Rood-Wit '62
17%
SC Hoge Vucht
17%
SCMH
17%
SC Welberg
17%
SEOLTO
17%
SES
17%
Sparta '25
17%
SPV
17%
SSC '55
17%
SSE
17%
Stiphout Vooruit
17%
SV Braakhuizen
17%
SV Brandevoort
17%
SV Capelle
17%
SV DOSKO
17%
SV DWSH '18
17%
SV Helenaveen Griendtsveen
17%
SV ONDO
17%
SV OSS '20
17%
SV Reeshof
17%
SV Rood-Wit Veldhoven
17%
SV Sprundel
17%
SvSSS
17%
SVS Stevensbeek
17%
SV Terheijden
17%
SV Valkenswaard
17%
The Gunners
17%
TPO
17%
Trinitas Oisterwijk
17%
TVC Breda
17%
UDI '19
17%
Unitas '30
17%
VCA
17%
VCW
17%
Vianen Vooruit
17%
VIOS '38
17%
Vlijmense Boys
17%
VV Acht
17%
VV Achtmaal
17%
VV Almkerk
17%
VV Altena
17%
VV Baardwijk
17%
VV Baronie
17%
VV Bavel
17%
VV Berkdijk
17%
VVC '68
17%
VV Chaam
17%
VV De Fendert
17%
VV De Markiezaten
17%
VV De Raven
17%
VV De Valk
17%
VV DSE
17%
VV Elsendorp
17%
VV Excellent
17%
VV Gassel
17%
VV Geldrop
17%
VV Gilze
17%
VV Haarsteeg
17%
VV Heeswijk
17%
VV Helvoirt
17%
VV Hoeven
17%
VV Holthees-Smakt
17%
VV Internos
17%
VV Klundert
17%
VV Kogelvangers
17%
VV Macharen
17%
VV Molenschot
17%
VV Neerkandia
17%
VV Noordhoek
17%
VV NSV
17%
VV ONI
17%
VV Raamsdonk
17%
VV Ravenstein
17%
VV RSV
17%
VV RWB
17%
VV Sambeek
17%
VV Sleeuwijk
17%
VV Steenbergen
17%
VV SVC
17%
VV Toxandria
17%
VV Uno Animo
17%
VV VCO
17%
VV Victoria '03
17%
VV Virtus
17%
VV VIVOO
17%
VV Vrederust
17%
VV Waspik
17%
VV Wernhout
17%
VV Zundert
17%
WEC
17%
Westerbeekse Boys
17%
WHV
17%
ZSV
17%
Avanti '31
0%
Berghem Sport
0%
Bladella
0%
Blauw Geel '38
0%
BMC
0%
BVV
0%
BVV '63
0%
CVV Rust Roest
0%
DBN '22
0%
De Bocht '80
0%
DEES
0%
Dijkse Boys
0%
DOSKO '32
0%
DVG
0%
EDN '56
0%
EFC
0%
ESVV Pusphaira
0%
EVVC
0%
FC Eindhoven AV
0%
FC Engelen
0%
FC Schadewijk
0%
GDC
0%
Gloria-UC
0%
GSBW
0%
HHC '09
0%
HMVV
0%
HSE
0%
HVCH
0%
Irene '58
0%
Knegselse Boys
0%
KS Broekhoven
0%
LSV Boxtel
0%
Maaskantse Boys
0%
Marjola Girls
0%
Mifano
0%
Neerlandia '31
0%
NOAD '32
0%
Nulandia
0%
ODC
0%
Olympia '60
0%
Ons Vios
0%
OVV '67
0%
Racing Boys
0%
Reusel Sport
0%
Rijswijkse Boys
0%
RKDSV
0%
RKGSV
0%
RKJVV
0%
RKPVV
0%
RKSV Avesteyn
0%
RKSV Boxtel
0%
RKSV BSC
0%
RKSV Cito
0%
RKSV De Weebosch
0%
RKSV DIVO
0%
RKSV Margriet
0%
RKSV Nemelaer
0%
RKSV Prinses Irene
0%
RKSV Rhode
0%
RKSV Sarto
0%
RKSV Schijndel
0%
RKSV Ulysses
0%
RKTSV WSJ
0%
RKTVV
0%
RKVV Bergeijk
0%
RKVV Best Vooruit
0%
RKVV Casteren
0%
RKVV Den Dungen
0%
RKVV DESO
0%
RKVV Dommelen
0%
RKVV EMK
0%
RKVV GESTA
0%
RKVV Nederwetten
0%
RKVVO
0%
RKVV Sint-Michielsgestel
0%
RKVV Tongelre
0%
RKVV Val Aan
0%
RKVV Waalre
0%
Rood-Wit '67
0%
RPC
0%
RSC Alliance
0%
SAB
0%
SBV
0%
SC Elshout
0%
SCI
0%
SC Kruisland
0%
SC Olympus
0%
SC 't Zand
0%
SDDL
0%
SDO '39
0%
SJVV
0%
Sparta '30
0%
Spoordonkse Boys
0%
SSS'18
0%
SV Advendo
0%
SV Audacia
0%
SV BLC
0%
SV CHC
0%
SV LEW
0%
SV Lierop
0%
SV Marvilde
0%
SV Nordea
0%
SV OVC '63
0%
SV Real Lunet
0%
SV Ruwaard
0%
SVSOS
0%
SV Tivoli
0%
SV Ulicoten
0%
TSV Gudok
0%
TSV Longa
0%
TSVV Merlijn
0%
Tuldania
0%
Unitas '59
0%
UVV '40
0%
VCB
0%
Veerse Boys
0%
VOAB
0%
Vorstenbossche Boys
0%
VOW
0%
VV Be Ready
0%
VV BES
0%
VV Boskant
0%
VV Brabantia
0%
VV Bruheze
0%
VV Chrislandia
0%
VV DBS
0%
VV Dinteloord
0%
VV DVS
0%
VV Gestel
0%
VV Giessen
0%
VV Good Luck
0%
VV Hapert
0%
VV Hoogeloon
0%
VV Hulsel
0%
VV Irene
0%
VV Maarheeze
0%
VV Mariahout
0%
VV Netersel
0%
VV Nieuwkuijk
0%
VV Nijnsel
0%
VV Nooit Gedacht
0%
VV Oirschot Vooruit
0%
VV Ollandia
0%
VV Oudemolen
0%
VV PCP
0%
VV Riethoven
0%
VV SBC
0%
VV Steensel
0%
VV SVG
0%
VV Terlo
0%
VV TSC
0%
VV Vessem
0%
VV Viola
0%
VV WODAN
0%
VV Woudrichem
0%
VV ZIGO
0%
VV Zwaluwe
0%
WDS '19
0%
Wilhelmina '26
0%
Wilhelmina Boys
0%
Woenselse Boys
0%
WVV '67
0%
ZSC
0%
Zwaluw VFC
0%
No matching quizzes found
Score Distribution
Percent of People with Each Score
Percentile by Number Answered
Your Score History
You have not taken this quiz